000 00529cam a2200193ua 4500
001 166
008 110322n ii |||gr||||Z||||||eng
020 _a0-87692-481-10
040 _cMAIN
082 _a305
245 _aSocial stratification. :
_bThe forms and functions of inequality. /
_cBy Melvin, M. Tumin.
250 _a2nd.
260 _aNew Delhi.:
_bPrentice hall of India.,987.
300 _aviii,166 p.:5 cm.
653 _aSociology.
653 _aSocial stratification.
700 1 _aTumin, Melvin M.,
942 _cBK
999 _c151
_d151